| 000 | 00994nam1a22002291i 4500 | ||
|---|---|---|---|
| 001 | rc\3051834 | ||
| 005 | 20260407083803.0 | ||
| 035 | _a(NLR Aleph) 007191221 | ||
| 090 |
_a7539907 _c7539907 |
||
| 100 | _a20111011d1936 |||y0rusy50 ca | ||
| 101 | 0 | _arus | |
| 102 | _aRU | ||
| 105 | _ay z ||||| | ||
| 200 | 1 |
_aМетодические указания для заочников к программе ... _fУпр. высш. школы НКП РСФСР. Науч.-метод. кабинет по заоч. обучению |
|
| 205 | _a2-е изд. перераб. | ||
| 210 |
_a[Москва] _cНаркомпрос РСФСР _d1936 _gшкола ФЗУ треста "Полиграфкнига" |
||
| 215 | _d22х14 см | ||
| 710 | 0 | 2 |
_aНаучно-методический кабинет по заочному обучению учителей _cМосква _3RU\NLR\AUTH\8810950 _9294542 |
| 801 | 0 |
_aRU _bNLR _gpsbo |
|
| 801 | 1 |
_aRU _bELAR _2rusmarc |
|
| 852 |
_aNLR _j35-18/212(70) |
||
| 942 | _cBOOK | ||